| 000 | 00807nam a22001577a 4500 | ||
|---|---|---|---|
| 003 | OSt | ||
| 005 | 20151004103721.0 | ||
| 008 | 151004b xxu||||| |||| 00| 0 eng d | ||
| 040 | _cRUA | ||
| 082 | _aAVM HEN 2002 B073 Or.1 | ||
| 100 |
_91994 _aHENG, SOLA. |
||
| 245 | _aThe effectiveness of improved feed for fattening pig using local feed resources in farmer community of banteay mean chey (ប្រសិទ្ធភាពនៃការកែលំអចំណីសំរាប់ជ្រូកសាច់ដោយប្រើប្រាស់ធនធានចំណីក្នុងស្រុកនៅក្នុងសហគមន៏កសិករខេត្តបន្ទាយមានជ័យ) | ||
| 260 |
_aPhnom Penh _bRUA _c2002 |
||
| 300 |
_avii, 42p. _bill. _c29cm. |
||
| 942 |
_2ddc _cAVM |
||
| 999 |
_c1886 _d1886 |
||